| 000 | 00778cam a22002533a 4500 | ||
|---|---|---|---|
| 001 | 25580 | ||
| 003 | PGUSA | ||
| 005 | 20140828083541.0 | ||
| 008 | 080523s2008||||xxu|||||s|||||000 | eng d | ||
| 040 |
_aPGUSA _beng |
||
| 042 | _adc | ||
| 050 | 4 | _aPZ | |
| 100 | 1 |
_aAndersen, H. C. _q(Hans Christian), _d1805-1875 |
|
| 245 | 1 | 0 |
_aAndersens Sproken en vertellingen : _bMorgenrood _h[electronic resource] / _cH. C. Andersen |
| 260 |
_bProject Gutenberg, _c2008 |
||
| 506 | _aPublic domain in the USA. | ||
| 516 | _aElectronic text | ||
| 653 | _aFairy tales | ||
| 700 | 1 |
_aTuuk, Titia Klasina Elisabeth van der, _d1854-1939 |
|
| 700 | 1 |
_aAndriessen, Simon Jacob, _d1831- |
|
| 830 | 0 |
_aProject Gutenberg _v25580 |
|
| 856 | 4 | 0 | _uhttp://www.gutenberg.org/ebooks/25580 |
| 942 | _cEB | ||
| 999 |
_c254835 _d254835 |
||